[Event "Benidorm op-B"]
[Site "Benidorm"]
[Date "2022.12.09"]
[Round "7"]
[White "Millward, Kevin P"]
[Black "Swapna, CN."]
[Result "1/2-1/2"]
[WhiteElo "1928"]
[BlackElo "1481"]
[PlyCount "116"]
[EventDate "2022.12.03"]
[EventType "swiss"]
[EventRounds "9"]
[EventCountry "ESP"]
[SourceTitle "CBM 212 Extra"]
[Source "ChessBase"]
[SourceDate "2023.03.31"]
[SourceVersion "1"]
[SourceVersionDate "2023.03.31"]
[SourceQuality "1"]

1. d4 d5 2. Nc3 Nf6 3. Bf4 a6 4. e3 Bf5 5. h3 h5 6. Bd3 Bxd3 7. Qxd3 e6 8. e4 c5 9. dxc5 Nc6 10. exd5 Nb4 11. Qd2 Nfxd5 12. Nxd5 Nxd5 13. Bd6 Bxd6 14. cxd6 Qxd6 15. 0-0-0 Qc6 16. Ne2 0-0-0 17. Kb1 Rd7 18. Nf4 Rhd8 19. Nxd5 Rxd5 20. Qc1 Qd6 21. Rxd5 Qxd5 22. a3 b5 23. Qe3 Kb7 24. Re1 Qd2 25. Qe4+ Rd5 26. Re2 Qd1+ 27. Ka2 Kb6 28. Qe3+ Qd4 29. Qxd4+ Rxd4 30. Kb3 a5 31. Kc3 Kc5 32. Re5+ Rd5 33. Re4 g5 34. b4+ axb4+ 35. Rxb4 e5 36. a4 bxa4 37. Rxa4 Rd1 38. Ra7 f6 39. Rf7 Rd6 40. Rc7+ Kd5 41. Kd3 Ke6+ 42. Ke2 h4 43. g4 hxg3 44. fxg3 Kf5 45. Rc4 Ke6 46. g4 f5 47. Ke3 Kd5 48. Ra4 f4+ 49. Kd3 Kc5+ 50. Kc3 Rd1 51. Ra5+ Kd6 52. Kc4 Rd4+ 53. Kc3 Rd1 54. Kc4 Rd4+ 55. Kc3 Rd1 56. Ra6+ Kd5 57. Ra5+ Kd6 58. Ra6+ Kd5 1/2-1/2

[Event "Benidorm op-B"]
[Site "Benidorm"]
[Date "2022.12.06"]
[Round "4"]
[White "Lopez Heras, Arturo"]
[Black "Millward, Kevin P"]
[Result "0-1"]
[WhiteElo "1704"]
[BlackElo "1928"]
[PlyCount "71"]
[EventDate "2022.12.03"]
[EventType "swiss"]
[EventRounds "9"]
[EventCountry "ESP"]
[SourceTitle "CBM 212 Extra"]
[Source "ChessBase"]
[SourceDate "2023.03.31"]
[SourceVersion "1"]
[SourceVersionDate "2023.03.31"]
[SourceQuality "1"]

1. e4 d6 2. d4 Nf6 3. Nc3 e5 4. dxe5 dxe5 5. Qxd8+ Kxd8 6. Nf3 Bd6 7. Bc4 Ke7 8. Bg5 Be6 9. Nd5+ Bxd5 10. exd5 h6 11. Bxf6+ Kxf6 12. 0-0 g6 13. Rae1 a6 14. a3 Nd7 15. Re2 Kg7 16. Rfe1 f5 17. c3 Kf6 18. Ba2 b5 19. Bb3 Rhb8 20. c4 Nc5 21. Ba2 Nd3 22. Rb1 b4 23. axb4 Rxb4 24. Rd2 Nc5 25. Rc1 Rab8 26. Rcc2 Ra4 27. Bb1 Ra1 28. Rd1 Nd3 29. g3 Rxb2 30. Rxb2 Nxb2 31. Rc1 Nxc4 32. Rxc4 Rxb1+ 33. Kg2 Rb5 34. Ra4 a5 35. Nd2 Rxd5 36. Rh4 0-1

[Event "Benidorm op-B"]
[Site "Benidorm"]
[Date "2022.12.04"]
[Round "2"]
[White "Mallevaey, Guillaume"]
[Black "Millward, Kevin P"]
[Result "1-0"]
[WhiteElo "1761"]
[BlackElo "1928"]
[PlyCount "69"]
[EventDate "2022.12.03"]
[EventType "swiss"]
[EventRounds "9"]
[EventCountry "ESP"]
[SourceTitle "CBM 212 Extra"]
[Source "ChessBase"]
[SourceDate "2023.03.31"]
[SourceVersion "1"]
[SourceVersionDate "2023.03.31"]
[SourceQuality "1"]

1. c4 d6 2. g3 e5 3. Bg2 f5 4. Nc3 Nf6 5. d3 Be7 6. Nf3 0-0 7. 0-0 c6 8. a3 a5 9. Rb1 Na6 10. b4 axb4 11. axb4 Nc7 12. Qb3 Kh8 13. b5 Bd7 14. Rd1 Ne6 15. Ba3 Nd4 16. Qb2 Nxf3+ 17. Bxf3 Qe8 18. bxc6 bxc6 19. Ra1 Qd8 20. Qc2 Qc7 21. Rdb1 Rfb8 22. Rxb8+ Rxb8 23. Rb1 h6 24. Rxb8+ Qxb8 25. Qa4 Qc7 26. Qa6 Kh7 27. Bg2 Bc8 28. Qxc6 Qa5 29. Nb5 Be6 30. Bxd6 Qe1+ 31. Bf1 Ng4 32. Qg2 Bxd6 33. Nxd6 Bd7 34. e4 f4 35. gxf4 1-0

[Event "London Central op"]
[Site "London"]
[Date "2022.11.06"]
[Round "5"]
[White "Wells, Tony D"]
[Black "Millward, Kevin P"]
[Result "1-0"]
[WhiteElo "1835"]
[BlackElo "1928"]
[PlyCount "61"]
[EventDate "2022.11.04"]
[EventType "swiss"]
[EventRounds "5"]
[EventCountry "ENG"]
[SourceTitle "EXT 2024"]
[Source "ChessBase"]
[SourceDate "2023.10.10"]
[SourceVersion "1"]
[SourceVersionDate "2023.10.10"]
[SourceQuality "1"]

1. e4 d6 2. d4 Nf6 3. Nc3 e5 4. Nf3 Nbd7 5. Bc4 Be7 6. h3 c6 7. a4 Qc7 8. Be3 b6 9. Ng5 0-0 10. f4 exd4 11. Qxd4 h6 12. Nf3 Nc5 13. Ba2 Bb7 14. 0-0 Rad8 15. Rad1 d5 16. e5 Nfe4 17. f5 Nxc3 18. Qxc3 Ne4 19. Qd3 Rfe8 20. f6 gxf6 21. Nd4 Bf8 22. exf6 Bc8 23. Rf3 Kh7 24. Bb1 c5 25. Nb5 Qe5 26. c4 d4 27. Bf4 Qxf6 28. Bc7 Qe7 29. Qxe4+ f5 30. Qxe7+ Bxe7 31. Bxd8 1-0

[Event "London Central op"]
[Site "London"]
[Date "2022.11.04"]
[Round "1"]
[White "Chan, Kim Yew"]
[Black "Millward, Kevin P"]
[Result "1-0"]
[WhiteElo "2312"]
[BlackElo "1928"]
[PlyCount "57"]
[EventDate "2022.11.04"]
[EventType "swiss"]
[EventRounds "5"]
[EventCountry "ENG"]
[SourceTitle "EXT 2024"]
[Source "ChessBase"]
[SourceDate "2023.10.10"]
[SourceVersion "1"]
[SourceVersionDate "2023.10.10"]
[SourceQuality "1"]

1. Nf3 d6 2. d4 Nf6 3. c4 c6 4. Nc3 Bg4 5. Bg5 Nbd7 6. e3 e5 7. Be2 Be7 8. Qc2 Qc7 9. 0-0 h6 10. Bh4 g5 11. Bg3 Nh5 12. h3 Nxg3 13. fxg3 Be6 14. Rad1 Nf6 15. g4 0-0-0 16. b4 Rdg8 17. b5 h5 18. bxc6 bxc6 19. c5 e4 20. cxd6 Bxd6 21. Ne5 Nd7 22. Nxe4 Bxe5 23. dxe5 Kb8 24. Nd6 hxg4 25. Bxg4 Bxg4 26. hxg4 Rg7 27. Nxf7 Rhh7 28. Qb3+ Ka8 29. Qe6 1-0

[Event "London Central op-A"]
[Site "London"]
[Date "2022.04.24"]
[Round "4"]
[White "Cooper, Malcolm H"]
[Black "Millward, Kevin P"]
[Result "1/2-1/2"]
[WhiteElo "1783"]
[BlackElo "1910"]
[PlyCount "226"]
[EventDate "2022.04.22"]
[EventType "swiss"]
[EventRounds "5"]
[EventCountry "ENG"]
[SourceTitle "EXT 2024"]
[Source "ChessBase"]
[SourceDate "2023.10.10"]
[SourceVersion "1"]
[SourceVersionDate "2023.10.10"]
[SourceQuality "1"]

1. d4 d6 2. c4 e5 3. Nc3 Nc6 4. d5 Nce7 5. e4 f5 6. Bd3 g6 7. h4 Bg7 8. h5 f4 9. hxg6 hxg6 10. Rxh8 Bxh8 11. Be2 g5 12. Bh5+ Kf8 13. Bg4 Nf6 14. Bxc8 Qxc8 15. f3 g4 16. Qe2 Kf7 17. Bd2 Qd7 18. Qf2 b6 19. 0-0-0 Rg8 20. Nge2 g3 21. Qf1 Bg7 22. Kb1 Rh8 23. Nc1 Rh2 24. Qe2 Ng6 25. Rg1 Nh4 26. Nd3 Nh7 27. Qf1 Ng5 28. Ne1 Kg8 29. Kc1 a6 30. b3 Kf7 31. a4 Qc8 32. Kd1 Bf6 33. Qd3 Be7 34. Bc1 Ng6 35. Qf1 Qh8 36. Bd2 Qb8 37. Kc1 Qa8 38. Kd1 Qc8 39. Qd3 Qh8 40. Qf1 Qh5 41. Kc1 Nh7 42. Nb1 Nf6 43. Nc3 Nd7 44. b4 Qh8 45. b5 Qa8 46. Qd3 Nc5 47. Qb1 a5 48. Kc2 Nh4 49. Qd1 Qh8 50. Qe2 Qh5 51. Qf1 Ng6 52. Bc1 Nd7 53. Ba3 Nf6 54. Kb3 Nh7 55. Bc1 Ng5 56. Ka3 Nh4 57. Kb3 Ng6 58. Ka3 Nf8 59. Kb3 Nfh7 60. Ka3 Nf6 61. Kb3 Qh7 62. Qd3 Rh1 63. Qf1 Rxg1 64. Qxg1 Qh2 65. Qf1 Nd7 66. Ba3 Nf8 67. Ne2 Ng6 68. Kc3 Nh4 69. Kd3 Kg6 70. Ng1 Qh1 71. Ke2 Kh5 72. Bc1 Ng6 73. Ba3 Nf8 74. Bc1 Nfh7 75. Bd2 Nf6 76. Bc1 Kh4 77. Bd2 Kh5 78. Bc1 Kg6 79. Bd2 Qh5 80. Kd3 Qh2 81. Ne2 Kg7 82. Bc1 Qh7 83. Nc3 Bd8 84. Bb2 Be7 85. Bc1 Kf7 86. Bb2 Qh2 87. Bc1 Bd8 88. Bb2 Nh3 89. Nd1 Nf2+ 90. Ke2 Nh5 91. Nc3 Bh4 92. Bc1 Nf6 93. Bb2 Nh7 94. Bc1 Ng5 95. Bd2 Kg6 96. Bc1 Kf7 97. Bd2 Nfh3 98. Kd1 Nf2+ 99. Ke2 Kg6 100. Bc1 Nf7 101. Ba3 Be7 102. Bc1 Kg7 103. Bd2 Qh7 104. Bc1 Ng5 105. Kd2 Qh5 106. Bb2 Bf6 107. Bc1 Kf7 108. Bb2 Bg7 109. Bc1 Bh6 110. Bb2 Qg6 111. Qe2 Ke7 112. Bc1 Qh5 113. Kc2 Qh1 1/2-1/2

[Event "BCF-chT3Sb 1920 (4NCL)"]
[Site "England"]
[Date "2020.02.09"]
[Round "6.66"]
[White "Elwin, Adrian G"]
[Black "Millward, Kevin P"]
[Result "1-0"]
[WhiteElo "1986"]
[BlackElo "1948"]
[PlyCount "73"]
[EventDate "2019.11.09"]
[EventType "team-tourn"]
[EventRounds "11"]
[EventCountry "ENG"]
[SourceTitle "EXT 2023"]
[Source "ChessBase"]
[SourceDate "2022.10.05"]
[SourceVersion "1"]
[SourceVersionDate "2022.10.05"]
[SourceQuality "1"]
[WhiteTeam "MK Phoenix"]
[BlackTeam "Fermented Sharks"]
[WhiteTeamCountry "ENG"]
[BlackTeamCountry "ENG"]

1. d4 d6 2. e4 g6 3. Nf3 Bg7 4. Bc4 a6 5. c3 b5 6. Bb3 e6 7. a4 Bb7 8. Qe2 Nd7 9. Bg5 Bf6 10. Bxf6 Ngxf6 11. Nbd2 bxa4 12. Bxa4 0-0 13. 0-0 Nb6 14. Bc2 a5 15. Rfe1 Qe7 16. Qb5 Ba6 17. Qg5 Bb7 18. e5 Nfd5 19. Qh6 f6 20. exf6 Rxf6 21. Ne4 Rxf3 22. gxf3 Rf8 23. Qg5 Qf7 24. Qg3 h6 25. Rxa5 Nf4 26. Ra7 Bc6 27. Nxd6 Qg7 28. Ne4 Nbd5 29. Nc5 Qf6 30. Be4 g5 31. Ra6 Bb5 32. Rxe6 Qg7 33. Bxd5 Nxd5 34. Qe5 Qxe5 35. R6xe5 c6 36. Re8 Nf4 37. Rxf8+ 1-0

[Event "London Classic op 11th"]
[Site "London"]
[Date "2019.12.04"]
[Round "7"]
[White "Millward, Kevin P"]
[Black "Gilmore, Samuel"]
[Result "1-0"]
[WhiteElo "1967"]
[BlackElo "1757"]
[PlyCount "143"]
[EventDate "2019.11.29"]
[EventType "swiss"]
[EventRounds "9"]
[EventCountry "ENG"]
[SourceTitle "CBM 193 Extra"]
[Source "ChessBase"]
[SourceDate "2020.01.31"]
[SourceVersion "1"]
[SourceVersionDate "2020.01.31"]
[SourceQuality "1"]

1. d4 Nf6 2. Nc3 e6 3. Nf3 b6 4. e4 Bb7 5. Bd3 Bb4 6. Qe2 h6 7. 0-0 Bxc3 8. bxc3 d6 9. a4 Nbd7 10. Ba3 e5 11. Nd2 Qe7 12. Rab1 0-0 13. Kh1 c5 14. d5 Rac8 15. Rfe1 Rfd8 16. Nf1 Nf8 17. Ne3 Ng6 18. Nf5 Qd7 19. a5 bxa5 20. Bb5 Qc7 21. Bc4 Rb8 22. Qf3 Nh7 23. h4 Bc8 24. Rxb8 Qxb8 25. g3 Bxf5 26. Qxf5 Ne7 27. Qf3 Nf6 28. Qe2 Qc8 29. Kg2 Ng6 30. Rb1 Qc7 31. f3 Rb8 32. Qd1 Nd7 33. Qc1 Nb6 34. Qb2 Nd7 35. Qa2 Rxb1 36. Qxb1 Qb6 37. Qa2 Ne7 38. Bc1 Nc8 39. Qa4 Qc7 40. Bb5 Ndb6 41. Qa3 c4 42. Be3 f6 43. Ba6 Kf8 44. Qxa5 Qb8 45. Bxc8 Nxc8 46. Qd8+ Kf7 47. Bxa7 Qxa7 48. Qxc8 Qe3 49. Qe6+ Kg6 50. h5+ Kh7 51. Qf5+ Kh8 52. Qc8+ Kh7 53. Qxc4 Qd2+ 54. Kh3 Qxc2 55. Qc8 Qd3 56. Kg4 Qe3 57. Qf5+ Kh8 58. c4 Qc5 59. Qd7 Qxc4 60. Qxd6 Qc1 61. Qf8+ Kh7 62. Qf7 Qg5+ 63. Kh3 Qd2 64. Qd7 Qd1 65. d6 Qf1+ 66. Kg4 Qd1 67. Qf5+ Kg8 68. Qe6+ Kh7 69. d7 Qd3 70. Qe8 f5+ 71. Kh4 Qe2 72. Qg6+ 1-0

[Event "BCF-chT3Sb 1920 (4NCL)"]
[Site "England"]
[Date "2019.11.10"]
[Round "2.85"]
[White "Millward, Kevin P"]
[Black "Weatherlake, John P"]
[Result "1-0"]
[WhiteElo "1948"]
[BlackElo "1975"]
[PlyCount "57"]
[EventDate "2019.11.09"]
[EventType "team-tourn"]
[EventRounds "11"]
[EventCountry "ENG"]
[SourceTitle "EXT 2023"]
[Source "ChessBase"]
[SourceDate "2022.10.05"]
[SourceVersion "1"]
[SourceVersionDate "2022.10.05"]
[SourceQuality "1"]
[WhiteTeam "Fermented Sharks"]
[BlackTeam "Wessex II"]
[WhiteTeamCountry "ENG"]
[BlackTeamCountry "ENG"]

1. d4 d6 2. Bf4 g6 3. e3 Bg7 4. Nf3 Nd7 5. c4 c6 6. Nc3 Qa5 7. Be2 e5 8. Bg3 Ne7 9. h3 0-0 10. 0-0 f5 11. Qd2 f4 12. exf4 Bh6 13. dxe5 dxe5 14. Qd6 Nf5 15. Qe6+ Kh8 16. Nxe5 Nc5 17. Nxg6+ hxg6 18. Qxg6 Rg8 19. Qh5 Bd7 20. Bg4 Nd3 21. Bxf5 Bxf5 22. Qxh6+ Bh7 23. Qf6+ Rg7 24. Rad1 Bf5 25. Nd5 Nxb2 26. Rde1 cxd5 27. Qxf5 Qc5 28. Qxd5 Qb6 29. Re6 1-0

[Event "BCF-chT3S 1819 (4NCL) Promotion pool"]
[Site "England"]
[Date "2019.05.04"]
[Round "9.36"]
[White "Millward, Kevin P"]
[Black "Kalitsis, Nikolaos"]
[Result "1-0"]
[WhiteElo "1960"]
[BlackElo "2046"]
[PlyCount "71"]
[EventDate "2019.04.14"]
[EventType "team-tourn"]
[EventRounds "11"]
[EventCountry "ENG"]
[SourceTitle "EXT 2021"]
[Source "ChessBase"]
[SourceDate "2020.10.23"]
[SourceVersion "1"]
[SourceVersionDate "2020.10.23"]
[SourceQuality "1"]
[WhiteTeam "Fermented Sharks"]
[BlackTeam "CSC Dragons"]
[WhiteTeamCountry "ENG"]
[BlackTeamCountry "ENG"]

1. d4 e6 2. Bf4 Nf6 3. e3 b6 4. Nf3 Bb7 5. Be2 d6 6. 0-0 Nbd7 7. c4 Ne4 8. h3 Qe7 9. Nfd2 e5 10. Bh2 Nxd2 11. Qxd2 f5 12. Nc3 Nf6 13. Rfd1 g6 14. Nd5 Nxd5 15. cxd5 0-0-0 16. Qb4 Qf7 17. dxe5 dxe5 18. Qa4 Bd6 19. Qxa7 Bxd5 20. Bb5 e4 21. Ba6+ Kd7 22. Bxd6 Kxd6 23. Bc4 Ke5 24. Rxd5+ Rxd5 25. Bxd5 Kxd5 26. Qb7+ Ke5 27. Rc1 Rd8 28. Rxc7 Rd1+ 29. Kh2 Qxa2 30. Re7+ Kf6 31. Rxh7 Qe6 32. Qg7+ Kg5 33. Qh6+ Kf6 34. Qh4+ g5 35. Rh6+ Kf7 36. Qh5+ 1-0

[Event "ISL-chT2 1819"]
[Site "Reykjavik"]
[Date "2019.03.03"]
[Round "7.4"]
[White "Millward, Kevin P"]
[Black "Johannsson, Birkir Isak"]
[Result "0-1"]
[WhiteElo "1959"]
[BlackElo "1949"]
[PlyCount "162"]
[EventDate "2018.11.09"]
[EventType "team-tourn"]
[EventRounds "7"]
[EventCountry "ISL"]
[SourceTitle "CBM 189 Extra"]
[Source "ChessBase"]
[SourceDate "2019.05.31"]
[SourceVersion "1"]
[SourceVersionDate "2019.05.31"]
[SourceQuality "1"]
[WhiteTeam "Vikingaklubburinn II"]
[BlackTeam "Breidjablik Bolungavik II"]
[WhiteTeamCountry "ISL"]
[BlackTeamCountry "ISL"]

1. d4 d5 2. Bf4 c5 3. e3 Nc6 4. c3 Nf6 5. Bd3 Qb6 6. b3 Bg4 7. Ne2 e6 8. h3 Bh5 9. 0-0 Be7 10. Nd2 0-0 11. g4 Bg6 12. Nf3 Bxd3 13. Qxd3 Qd8 14. Ng3 Bd6 15. Ne5 Bxe5 16. Bxe5 Ne8 17. Ne2 f6 18. Bg3 cxd4 19. exd4 Nd6 20. Nf4 Qd7 21. f3 Rfe8 22. Rad1 Rad8 23. Rfe1 Re7 24. Kg2 b5 25. Qd2 a6 26. Nd3 Nb7 27. Re3 Na7 28. b4 a5 29. a3 a4 30. Nc5 Nxc5 31. bxc5 Nc6 32. Rde1 Na5 33. Qe2 Kf7 34. Qa2 Nc4 35. R3e2 Qc6 36. f4 Rde8 37. Kh2 Qd7 38. Kg2 g6 39. Kh2 Kg7 40. Kg2 h6 41. Kh2 g5 42. Kg2 Qc6 43. Qa1 e5 44. fxe5 fxe5 45. Qc1 e4 46. Rf2 Rf7 47. Rxf7+ Kxf7 48. h4 gxh4 49. Bxh4 Kg7 50. Rf1 Qe6 51. Qf4 e3 52. Bf6+ Kg6 53. Be5 Nxe5 54. dxe5 e2 55. Re1 Qxe5 56. Qxe5 Rxe5 57. Kf3 Re6 58. Rxe2 Rc6 59. Kf4 Rxc5 60. Re6+ Kg7 61. Rb6 Rxc3 62. Rxb5 d4 63. Kf5 Rf3+ 64. Ke4 Rxa3 65. Kxd4 Rg3 66. Rb6 Rxg4+ 67. Ke3 Rg6 68. Rb7+ Kf6 69. Ra7 Rg4 70. Ra5 Rh4 71. Kf3 Rb4 72. Kg3 Ke6 73. Rh5 a3 74. Rxh6+ Kd5 75. Ra6 Rb3+ 76. Kf2 Kd4 77. Ke1 Kc3 78. Kd1 Kb2 79. Rc6 a2 80. Rc2+ Ka3 81. Rc1 Rb1 0-1

[Event "ISL-chT2 1819"]
[Site "Reykjavik"]
[Date "2019.03.02"]
[Round "6.1"]
[White "Millward, Kevin P"]
[Black "Ulfsson, Olafur Evert"]
[Result "1-0"]
[WhiteElo "1959"]
[BlackElo "1814"]
[PlyCount "123"]
[EventDate "2018.11.09"]
[EventType "team-tourn"]
[EventRounds "7"]
[EventCountry "ISL"]
[SourceTitle "CBM 189 Extra"]
[Source "ChessBase"]
[SourceDate "2019.05.31"]
[SourceVersion "1"]
[SourceVersionDate "2019.05.31"]
[SourceQuality "1"]
[WhiteTeam "Vikingaklubburinn II"]
[BlackTeam "Hrokar alls Fagnadar"]
[WhiteTeamCountry "ISL"]
[BlackTeamCountry "ISL"]

1. d4 d5 2. Bf4 Nf6 3. e3 e6 4. Nf3 c5 5. c3 Be7 6. h3 0-0 7. Nbd2 Nc6 8. Bd3 Nd7 9. Ne5 f5 10. Ndf3 Ndxe5 11. Nxe5 Nxe5 12. Bxe5 Bd6 13. Bxd6 Qxd6 14. f4 cxd4 15. cxd4 Qb4+ 16. Qd2 Qxd2+ 17. Kxd2 Bd7 18. a4 Kf7 19. g4 g6 20. a5 Rac8 21. Ra3 Rc7 22. Rc3 Rfc8 23. g5 h5 24. gxh6 Kg8 25. Rhc1 Rc6 26. Rxc6 Rxc6 27. Rxc6 Bxc6 28. h4 Kh7 29. Kc3 Kxh6 30. Be2 Kg7 31. Kb4 Kf7 32. Kc5 Ke7 33. a6 Kd7 34. axb7 Bxb7 35. Bb5+ Ke7 36. b4 Bc8 37. Ba4 Bb7 38. Bc6 Bc8 39. Bb5 Bb7 40. Be2 Kd7 41. Bb5+ Ke7 42. Bc6 Ba6 43. b5 Bc8 44. Ba8 Kd7 45. Bc6+ Ke7 46. Kb4 Kd8 47. Ka5 Ke7 48. Ka4 Kd8 49. Kb4 Ke7 50. Kc5 Bd7 51. Bb7 Be8 52. Ba8 Bd7 53. Bb7 Be8 54. Ba8 Bd7 55. Bc6 Bc8 56. Kb4 Kd8 57. Ka5 Ke7 58. b6 axb6+ 59. Kxb6 Kd8 60. Bb5 e5 61. dxe5 Ke7 62. Kc5 1-0

[Event "BCF-chT3Sa 1819 (4NCL)"]
[Site "England"]
[Date "2019.01.13"]
[Round "4.45"]
[White "Millward, Kevin P"]
[Black "Crombleholme, Alan K"]
[Result "1/2-1/2"]
[WhiteElo "1973"]
[BlackElo "1979"]
[PlyCount "59"]
[EventDate "2018.11.17"]
[EventType "team-tourn"]
[EventRounds "7"]
[EventCountry "ENG"]
[SourceTitle "EXT 2021"]
[Source "ChessBase"]
[SourceDate "2020.10.23"]
[SourceVersion "1"]
[SourceVersionDate "2020.10.23"]
[SourceQuality "1"]
[WhiteTeam "Fermented Sharks"]
[BlackTeam "Iceni"]
[WhiteTeamCountry "ENG"]
[BlackTeamCountry "ENG"]

1. d4 Nf6 2. Bf4 d6 3. e3 g6 4. Nf3 Bg7 5. Be2 0-0 6. 0-0 Nc6 7. h3 Qe8 8. c4 e5 9. Bh2 Bf5 10. Nc3 Qe7 11. Re1 Rfd8 12. Rc1 exd4 13. exd4 Bh6 14. Bd3 Qf8 15. Rb1 Bxd3 16. Qxd3 Re8 17. a3 Rxe1+ 18. Rxe1 Re8 19. Rxe8 Qxe8 20. Nb5 Qb8 21. g4 a6 22. Nc3 Bg7 23. b4 Ne7 24. d5 Qd8 25. Kg2 h5 26. Ne4 hxg4 27. Nxf6+ Bxf6 28. hxg4 Qd7 29. Qe4 b5 30. cxb5 1/2-1/2

[Event "London Classic op 10th"]
[Site "London"]
[Date "2018.12.15"]
[Round "7"]
[White "Volovich, Julia"]
[Black "Millward, Kevin P"]
[Result "1/2-1/2"]
[WhiteElo "1772"]
[BlackElo "2012"]
[PlyCount "129"]
[EventDate "2018.12.09"]
[EventType "swiss"]
[EventRounds "9"]
[EventCountry "ENG"]
[SourceTitle "CBM 187 Extra"]
[Source "ChessBase"]
[SourceDate "2018.11.04"]
[SourceVersion "1"]
[SourceVersionDate "2018.11.04"]
[SourceQuality "1"]

1. d4 d6 2. e4 e5 3. dxe5 dxe5 4. Qxd8+ Kxd8 5. Nf3 f6 6. Bc4 Bg4 7. Be3 Nd7 8. Nc3 c6 9. 0-0-0 Kc7 10. Rd2 Nb6 11. Bb3 Rd8 12. Rxd8 Kxd8 13. a4 Bb4 14. Na2 Bd6 15. Rd1 Kc7 16. h3 Bd7 17. a5 Nc8 18. Nd2 g5 19. Nc4 Bf8 20. Nc3 Nge7 21. Na4 Ng6 22. Nc5 Bxc5 23. Bxc5 Nf4 24. g3 Nxh3 25. Nd6 Bg4 26. Rd2 Rd8 27. Nxc8 Kxc8 28. Bxa7 Ng1 29. Rxd8+ Kxd8 30. Kd2 h5 31. f4 Nf3+ 32. Ke3 gxf4+ 33. gxf4 h4 34. Bc4 h3 35. Bf1 h2 36. Bg2 Ne1 37. Kf2 Bf3 38. Bxf3 Nxf3 39. Kg2 exf4 40. Bb8 Ne1+ 41. Kxh2 Nxc2 42. Bxf4 Ne1 43. Be3 Kd7 44. Kg3 Ke6 45. Bd4 Nd3 46. Kf3 Nb4 47. Bc5 Na6 48. Bd4 Nc7 49. Kf4 Nb5 50. Bc5 Nc7 51. Ke3 f5 52. exf5+ Kxf5 53. Kd4 Na6 54. Kc4 Ke6 55. Bf2 Kd7 56. Bg3 Kc8 57. b4 Kd7 58. b5 cxb5+ 59. Kxb5 Kc8 60. Bh2 Kd7 61. Kb6 Kc8 62. Bd6 Nb8 63. Bxb8 Kxb8 64. a6 bxa6 65. Kxa6 1/2-1/2

[Event "BCF-chT3Sa 1819 (4NCL)"]
[Site "England"]
[Date "2018.11.18"]
[Round "2.35"]
[White "Towers, Nigel S"]
[Black "Millward, Kevin P"]
[Result "0-1"]
[WhiteElo "1843"]
[BlackElo "2000"]
[PlyCount "58"]
[EventDate "2018.11.17"]
[EventType "team-tourn"]
[EventRounds "7"]
[EventCountry "ENG"]
[SourceTitle "EXT 2021"]
[Source "ChessBase"]
[SourceDate "2020.10.23"]
[SourceVersion "1"]
[SourceVersionDate "2020.10.23"]
[SourceQuality "1"]
[WhiteTeam "CSC II"]
[BlackTeam "Fermented Sharks"]
[WhiteTeamCountry "ENG"]
[BlackTeamCountry "ENG"]

1. e4 d5 2. exd5 Qxd5 3. Nc3 Qd6 4. d4 c6 5. Nf3 Nf6 6. Be2 g6 7. 0-0 Nbd7 8. Bg5 Bg7 9. Qd2 h6 10. Bf4 Qb4 11. a3 Qb6 12. Na4 Qd8 13. c4 g5 14. Be3 Ng4 15. Bxg5 hxg5 16. Qxg5 Bf6 17. Qxg4 Nb6 18. Qe4 Nxa4 19. c5 Qd5 20. Qc2 b5 21. b3 Bf5 22. Qc1 Qxb3 23. Bd1 Qd5 24. Qe3 Nb2 25. Bb3 Nc4 26. Qc1 Be4 27. Ne1 Qh5 28. h3 Bxg2 29. Nxg2 Qxh3 0-1

[Event "EU-Cup 34th"]
[Site "Porto Carras"]
[Date "2018.10.18"]
[Round "7.4"]
[White "Millward, Kevin P"]
[Black "Longson, Sarah N"]
[Result "0-1"]
[WhiteElo "2023"]
[BlackElo "2149"]
[PlyCount "66"]
[EventDate "2018.10.12"]
[EventType "team-swiss"]
[EventRounds "7"]
[EventCountry "GRE"]
[SourceTitle "CBM 187"]
[Source "ChessBase"]
[SourceDate "2018.12.11"]
[SourceVersion "1"]
[SourceVersionDate "2018.12.11"]
[SourceQuality "1"]
[WhiteTeam "Viking CC"]
[BlackTeam "3Cs"]
[WhiteTeamCountry "ISL"]
[BlackTeamCountry "ENG"]

1. d4 d5 2. Bf4 c5 3. e3 Nc6 4. c3 Qb6 5. Qb3 c4 6. Qc2 e5 7. dxe5 Bf5 8. Qc1 Nge7 9. Nf3 Ng6 10. Bg3 Bc5 11. Be2 0-0 12. Nbd2 Rae8 13. Nd4 Bxd4 14. cxd4 Nb4 15. 0-0 Bd3 16. Bxd3 Nxd3 17. Qc3 Qxb2 18. Qxb2 Nxb2 19. Rab1 c3 20. Nb3 Rc8 21. Rfc1 b6 22. Rc2 Ne7 23. Nc1 b5 24. Ne2 b4 25. e6 Rc6 26. exf7+ Kxf7 27. h3 Ra6 28. Nxc3 bxc3 29. Rxc3 Nc4 30. e4 Nb6 31. Bd6 dxe4 32. Re1 Nbd5 33. Rc5 Rxd6 0-1

[Event "EU-Cup 34th"]
[Site "Porto Carras"]
[Date "2018.10.14"]
[Round "3.4"]
[White "Millward, Kevin P"]
[Black "Healy, John"]
[Result "1-0"]
[WhiteElo "2023"]
[BlackElo "1919"]
[PlyCount "61"]
[EventDate "2018.10.12"]
[EventType "team-swiss"]
[EventRounds "7"]
[EventCountry "GRE"]
[SourceTitle "CBM 187"]
[Source "ChessBase"]
[SourceDate "2018.12.11"]
[SourceVersion "1"]
[SourceVersionDate "2018.12.11"]
[SourceQuality "1"]
[WhiteTeam "Viking CC"]
[BlackTeam "St Benildus"]
[WhiteTeamCountry "ISL"]
[BlackTeamCountry "IRL"]

1. d4 d5 2. Bf4 Nf6 3. e3 e6 4. Nf3 c5 5. c3 Nc6 6. Nbd2 Be7 7. h3 0-0 8. Bd3 Nd7 9. 0-0 f5 10. c4 Nf6 11. Nb3 Ne4 12. Nxc5 Nxc5 13. dxc5 Bf6 14. Bd6 Bxb2 15. Rb1 Bf6 16. cxd5 exd5 17. Bxf5 Bxf5 18. Qxd5+ Rf7 19. Qxf5 Qe8 20. Qd5 Kh8 21. e4 Rd8 22. e5 Be7 23. Rxb7 Bxd6 24. Qxf7 Qxf7 25. Rxf7 Be7 26. Rb1 Kg8 27. Rxe7 Nxe7 28. Rb7 Nc8 29. Ng5 Re8 30. f4 h6 31. Ne4 1-0

[Event "BCF-chT3S 1718 (4NCL) Demotion pool"]
[Site "England"]
[Date "2018.05.06"]
[Round "10.66"]
[White "Conway, Paul Bernard"]
[Black "Millward, Kevin P"]
[Result "1/2-1/2"]
[WhiteElo "1895"]
[BlackElo "2048"]
[PlyCount "38"]
[EventDate "2017.11.11"]
[EventType "team-tourn"]
[EventRounds "11"]
[EventCountry "ENG"]
[SourceTitle "EXT 2020"]
[Source "ChessBase"]
[SourceDate "2019.10.17"]
[SourceVersion "1"]
[SourceVersionDate "2019.10.17"]
[SourceQuality "1"]
[WhiteTeam "Hackney"]
[BlackTeam "Fermented Sharks"]
[WhiteTeamCountry "ENG"]
[BlackTeamCountry "ENG"]

1. e4 d5 2. exd5 Qxd5 3. Nc3 Qd6 4. d4 Nf6 5. Nf3 c6 6. Ne5 Nbd7 7. Nc4 Qc7 8. g3 Nb6 9. Bf4 Qd8 10. Ne5 Nbd5 11. Bd2 Bf5 12. Na4 Ne4 13. Bg2 Nxd2 14. Qxd2 f6 15. Nd3 Bxd3 16. Qxd3 Qa5+ 17. Nc3 e6 18. 0-0 Nxc3 19. bxc3 0-0-0 1/2-1/2